01273nam a2200205Ia 4500952009700000999001700097008004100114020001800155050002100173100005200194245007400246250001800320260002900338300003500367500006200402505045900464519009700923650004001020942000701060 00104070a04b04d2019-11-28l0oHF5661 V37 2019p04 000012r2019-11-28t1w2019-11-28yLB c63095d63095120625s2019 mx 000 0 spa d a978607862842114aHF5661bV37 20191 aVargas Moreno, María de los Ángeleseautora10aFundamentos de contabilidadc/ María de los Ángeles Vargas Moreno a4a. edición3 aMéxicob: IMCPc, 2019 a157 páginasb: ilustraciones aVersión Alumno Incluye ejercicios para cada capítulo aLa contabilidad Estado de situación financiera Estado de resultados Estado de situación financiera y estado de resultados Teoría de la Partida Doble Esquemas de mayor con cuentas de estado de situación financiera Esquemas de mayor con cuentas de estado de situación financiera Partida doble, cuentas de resultados y estado de situación financiera Ejercicios de IVA Registro de tarjetas de almacén por el sistema perpetuo Asientos de ajustes aPlan Flexible /bMercadotecnia Digital /cFundamentos de Contabilidad (B02-2) /d(04 000012)10aCONTABILIDADxESTUDIO Y ENSEÑANZA cLB